000 00591nam a22002297a 4500
003 UA-OsUOA
001 31266
007 ta
008 20041208b un ||||| |||| 00| 0 ukr d
090 _a81'25
_bТ33
942 _cBK
040 _aUA-OsUOA
_bukr
_cUA-OsUOA
_dUA-OsUOA
245 _aТеорія і практика перекладу
_bУкраїнський науковий збірник
300 _a162 с.
955 _a0
041 _aukr
080 _a81'25
260 _aКиїв
_bВища школа
_c1994
044 _aUA
650 7 _2UDC
999 _c317688
_d317688